000 00916cam a2200289 4500
999 _c28757
_d28728
001 2187353
003 EG-ScBUE
005 20200921093024.0
008 730419t1973 nyu f b 001 0 eng d
020 _a006045332X
040 _aDLC
_beng
_erda
_cDLC
_dDLC
_dEG-ScBUE
082 0 4 _a330.91732
_bRAS
_222
100 1 _aRasmussen, David W.,
_eauthor.
245 1 0 _aUrban economics /
_cDavid W. Rasmussen, Florida State University.
264 1 _aNew York :
_bHarper & Row Publishers,
_c[1973]
264 4 _cc1973
300 _aviii, 196 pages ;
_c24 cm
336 _2rdacontent
_atext
_btxt
337 _2rdamedia
_aunmediated
_bn
338 _2rdacarrier
_avolume
_bnc
504 _aIncludes bibliographical references and index.
650 7 _aUrban economics.
_2BUEsh
653 _bBUSECO
_cSeptember2020
655 _vReading book
_934232
906 _a7
_bcbc
_corignew
_d2
_eocip
_f19
_gy-gencatlg
942 _2ddc
_cBB